00393 a2200145 4500020001500000040001300015082001300028100001500041245004700056250001200103260004500115300002600160650004100186650002000227 a063205459X aDLCbDLC a546bLEE1 aLee, J. D.10aConcise inorganic chemistry cby J.D. Lee. a5th ed. aOxford :bBlackwell Science Ltd.,c2002. axxxv, 1032 p. :bill. 0aChemistry, Physical and theoretical. 0aChemical bonds.